Państwa, które najchętniej odwiedzają Indie - Statystyki

Ogólne statystyki
  • Ten quiz został rozwiązany 14 280 razy
  • Średni wynik to 7 z 10
Statystyki odpowiedzi
# Odwiedzających Państwo % Poprawnych
251,313 Chiny
97%
1,296,939 Stany Zjednoczone
92%
238,707 Francja
79%
265,928 Niemcy
77%
317,239 Kanada
74%
941,883 Wielka Brytania
74%
293,625 Australia
60%
1,380,409 Bangladesz
57%
297,418 Sri Lanka
45%
301,961 Malezja
29%
Nie znaleziono quizów pasujących do podanych kryteriów
Rozkład punktacji
Procent ludzi z każdym wynikiem
Percentyl według liczby udzielonych odpowiedzi
Twoja historia wyników
Nie rozwiązałeś tego quizu